|
|
|
|
| LEADER |
00000 a2200000 4500 |
| 003 |
CL-VaPUC |
| 005 |
20210921074644.0 |
| 008 |
200107b ||||| |||| 00| 0 eng d |
| 999 |
|
|
|c 376144
|d 376142
|
| 020 |
|
|
|a 9788413085364
|
| 040 |
|
|
|c Pontificia Universidad Católica de Valparaíso
|
| 082 |
|
|
|a 342.05 REC 2019
|
| 100 |
1 |
|
|a Recuerda Girela, Miguel Ángel
|9 604992
|
| 245 |
|
|
|a Anuario de Derecho Administrativo 2019
|
| 260 |
3 |
|
|b Aranzadi
|c 2019
|a España
|
| 583 |
|
|
|k Hugo Gaete
|c 20200107
|
| 650 |
0 |
0 |
|a Derecho administrativo
|9 254851
|
| 650 |
0 |
0 |
|a Jurisprudencia
|9 255952
|
| 650 |
0 |
0 |
|a Ordenamiento jurídico
|9 355371
|
| 650 |
0 |
0 |
|a Normas jurídicas
|9 258310
|
| 650 |
0 |
0 |
|a Procedimiento administrativo
|9 256132
|
| 942 |
|
|
|2 ddc
|c BK
|
| 952 |
|
|
|0 0
|1 0
|2 ddc
|4 0
|6 342_050000000000000_REC_2019
|7 0
|9 495312
|a BIBDER
|b BIBDER
|d 2020-01-02
|e 36
|g 68866.00
|i 5569206
|o 342.05 REC 2019
|p 5569206
|r 2023-01-25
|t 1
|v 68866.00
|w 2020-01-02
|y BK
|k DER
|